[Event "VIII Floripa Chess Open 2022 - LIRA - m"]
[Site "Lira Tênis Clube - Florianó"]
[Date "2022.01.26"]
[Round "4.62"]
[White "Dias, Marcelo De Souza"]
[Black "Daneri, Martin"]
[Result "0-1"]
[WhiteElo "1840"]
[BlackElo "2069"]
[PlyCount "44"]
[EventDate "2022.01.24"]
[EventRounds "10"]
[EventCountry "BRA"]

1. e4 e6 2. d4 d5 3. Nc3 Bb4 4. exd5 exd5 5. Bd3 Nc6 6. Nf3 Bg4 7. O-O Nge7 8.
a3 Bxf3 9. Qxf3 Nxd4 10. Qg4 Bxc3 11. bxc3 Ne6 12. Re1 O-O 13. h4 c5 14. Qh5 g6
15. Qf3 c4 16. Bf1 Kg7 17. Qe3 Qd6 18. g4 Rfe8 19. Bg2 b6 20. Bd2 Rad8 21. Rad1
Kg8 22. Qf3 d4 {IlegÃƒÆ’Ã†â€™Ãƒâ€ Ã¢â‚¬â„¢ÃƒÆ�
legÃƒÆ’Ã†â€™Ãƒâ€ Ã¢â‚¬â„¢ÃƒÆ’Ã¢â‚¬Å¡�
egÃƒÆ’Ã†â€™Ãƒâ€ Ã¢â‚¬â„¢ÃƒÆ’Ã¢â‚¬Å¡Ã
gÃƒÆ’Ã†â€™Ãƒâ€ Ã¢â‚¬â„¢ÃƒÆ’Ã¢â‚¬Å¡Ã�
ÃƒÆ’Ã†â€™Ãƒâ€ Ã¢â‚¬â„¢ÃƒÆ’Ã¢â‚¬Å¡Ãƒ
ƒÆ’Ã†â€™Ãƒâ€ Ã¢â‚¬â„¢ÃƒÆ’Ã¢â‚¬Â ÃƒÂ¢Ã¢â€šÂ¬Ã¢â€žÂ¢ÃƒÆ’Ã†â€™ÃƒÂ¢Ã¢â€šÂ¬Ã…Â¡ÃƒÆ’Ã
ƒÆ’Ã†â€™Ãƒâ€ Ã¢â‚¬â„¢ÃƒÆ’Ã¢â‚¬Å¡Ãƒâ
’Ã†â€™Ãƒâ€ Ã¢â‚¬â„¢ÃƒÆ’Ã¢â‚¬Â ÃƒÂ¢Ã¢â€šÂ¬Ã¢â€žÂ¢ÃƒÆ’Ã†â€™ÃƒÂ¢Ã¢â€šÂ¬Ã…Â¡ÃƒÆ’Ã¢â
Æ’Ã†â€™Ãƒâ€ Ã¢â‚¬â„¢ÃƒÆ’Ã¢â‚¬Å¡Ãƒâ�
†â€™Ãƒâ€ Ã¢â‚¬â„¢ÃƒÆ’Ã¢â‚¬Â ÃƒÂ¢Ã¢â€šÂ¬Ã¢â€žÂ¢ÃƒÆ’Ã†â€™ÃƒÂ¢Ã¢â€šÂ¬Ã…Â¡ÃƒÆ’Ã¢â‚¬
’Ã†â€™Ãƒâ€ Ã¢â‚¬â„¢ÃƒÆ’Ã¢â‚¬Å¡Ãƒâ€�
€™Ãƒâ€ Ã¢â‚¬â„¢ÃƒÆ’Ã¢â‚¬Â ÃƒÂ¢Ã¢â€šÂ¬Ã¢â€žÂ¢ÃƒÆ’Ã†â€™ÃƒÂ¢Ã¢â€šÂ¬Ã…Â¡ÃƒÆ’Ã¢â‚¬Å¡
™Ãƒâ€ Ã¢â‚¬â„¢ÃƒÆ’Ã¢â‚¬Â ÃƒÂ¢Ã¢â€šÂ¬Ã¢â€žÂ¢ÃƒÆ’Ã†â€™ÃƒÂ¢Ã¢â€šÂ¬Ã…Â¡ÃƒÆ’Ã¢â‚¬Å¡Ã
Ã†â€™Ãƒâ€ Ã¢â‚¬â„¢ÃƒÆ’Ã¢â‚¬Å¡Ãƒâ€šÃ
ƒâ€ Ã¢â‚¬â„¢ÃƒÆ’Ã¢â‚¬Â ÃƒÂ¢Ã¢â€šÂ¬Ã¢â€žÂ¢ÃƒÆ’Ã†â€™ÃƒÂ¢Ã¢â€šÂ¬Ã…Â¡ÃƒÆ’Ã¢â‚¬Å¡Ãƒâ
†â€™Ãƒâ€ Ã¢â‚¬â„¢ÃƒÆ’Ã¢â‚¬Å¡Ãƒâ€šÃ�
€ Ã¢â‚¬â„¢ÃƒÆ’Ã¢â‚¬Â ÃƒÂ¢Ã¢â€šÂ¬Ã¢â€žÂ¢ÃƒÆ’Ã†â€™ÃƒÂ¢Ã¢â€šÂ¬Ã…Â¡ÃƒÆ’Ã¢â‚¬Å¡Ãƒâ€š
 Ã¢â‚¬â„¢ÃƒÆ’Ã¢â‚¬Â ÃƒÂ¢Ã¢â€šÂ¬Ã¢â€žÂ¢ÃƒÆ’Ã†â€™ÃƒÂ¢Ã¢â€šÂ¬Ã…Â¡ÃƒÆ’Ã¢â‚¬Å¡Ãƒâ€šÃ
â€™Ãƒâ€ Ã¢â‚¬â„¢ÃƒÆ’Ã¢â‚¬Å¡Ãƒâ€šÃ‚Â
¢â‚¬â„¢ÃƒÆ’Ã¢â‚¬Â ÃƒÂ¢Ã¢â€šÂ¬Ã¢â€žÂ¢ÃƒÆ’Ã†â€™ÃƒÂ¢Ã¢â€šÂ¬Ã…Â¡ÃƒÆ’Ã¢â‚¬Å¡Ãƒâ€šÃ‚Â
€™Ãƒâ€ Ã¢â‚¬â„¢ÃƒÆ’Ã¢â‚¬Å¡Ãƒâ€šÃ‚Â­
‚¬â„¢ÃƒÆ’Ã¢â‚¬Â ÃƒÂ¢Ã¢â€šÂ¬Ã¢â€žÂ¢ÃƒÆ’Ã†â€™ÃƒÂ¢Ã¢â€šÂ¬Ã…Â¡ÃƒÆ’Ã¢â‚¬Å¡Ãƒâ€šÃ‚Â­v
¬â„¢ÃƒÆ’Ã¢â‚¬Â ÃƒÂ¢Ã¢â€šÂ¬Ã¢â€žÂ¢ÃƒÆ’Ã†â€™ÃƒÂ¢Ã¢â€šÂ¬Ã…Â¡ÃƒÆ’Ã¢â‚¬Å¡Ãƒâ€šÃ‚Â­ve
™Ãƒâ€ Ã¢â‚¬â„¢ÃƒÆ’Ã¢â‚¬Å¡Ãƒâ€šÃ‚Â­vel
„¢ÃƒÆ’Ã¢â‚¬Â ÃƒÂ¢Ã¢â€šÂ¬Ã¢â€žÂ¢ÃƒÆ’Ã†â€™ÃƒÂ¢Ã¢â€šÂ¬Ã…Â¡ÃƒÆ’Ã¢â‚¬Å¡Ãƒâ€šÃ‚Â­vel
(32 lances)} 0-1

[Event "VIII Floripa Chess Open 2022 - LIRA - m"]
[Site "Lira Tênis Clube - Florianó"]
[Date "2022.01.26"]
[Round "4.63"]
[White "Souza Dos Santos, Matheus Garcett"]
[Black "Da Rosa, Henrique Jaze Simoe"]
[Result "1-0"]
[WhiteElo "2054"]
[BlackElo "1824"]
[PlyCount "91"]
[EventDate "2022.01.24"]
[EventRounds "10"]
[EventCountry "BRA"]

1. c4 c6 2. e4 d5 3. cxd5 cxd5 4. exd5 Nf6 5. Qa4+ Bd7 6. Qb3 Qc7 7. Nc3 g6 8.
Nf3 Bg7 9. Bc4 O-O 10. O-O a6 11. a4 Bg4 12. Ng5 Nbd7 13. d6 exd6 14. Bxf7+ Kh8
15. d4 Qb6 16. Be3 h6 17. Nge4 d5 18. Qxb6 Nxb6 19. Nxf6 Bxf6 20. Bxg6 Rg8 21.
Bf7 Rg7 22. Bxd5 Nxd5 23. Nxd5 Bf3 24. Nf4 Bxg2 25. Nxg2 Rag8 26. Kh1 Rxg2 27.
Rg1 Rxg1+ 28. Rxg1 Rxg1+ 29. Kxg1 Kg7 30. Kg2 Kg6 31. Kf3 Kf5 32. h3 h5 33. b3
b5 34. axb5 axb5 35. Ke2 Ke4 36. f3+ Kd5 37. Kd3 Bh4 38. Bf4 Bf6 39. Be5 Bxe5
40. dxe5 Kxe5 41. Ke3 Kf5 42. f4 b4 43. Kf3 h4 44. Ke3 Kf6 45. Ke4 Ke6 46. f5+
1-0

[Event "VIII Floripa Chess Open 2022 - LIRA - m"]
[Site "Lira Tênis Clube - Florianó"]
[Date "2022.01.26"]
[Round "4.64"]
[White "Ribeiro, Fabiano Pinto"]
[Black "Mariani, Daniel Brandao"]
[Result "1-0"]
[WhiteElo "1831"]
[BlackElo "2047"]
[PlyCount "97"]
[EventDate "2022.01.24"]
[EventRounds "10"]
[EventCountry "BRA"]

1. e4 e5 2. Bc4 Nf6 3. d3 c6 4. Nf3 d5 5. exd5 cxd5 6. Bb5+ Bd7 7. Bxd7+ Nbxd7
8. O-O Bd6 9. Re1 h6 10. Nc3 O-O 11. Bd2 a6 12. Nh4 Re8 13. Nf5 Bf8 14. Qf3 d4
15. Ne4 Nxe4 16. Rxe4 Re6 17. Qh3 Rc8 18. c3 dxc3 19. bxc3 Nc5 20. Rg4 Rg6 21.
d4 exd4 22. cxd4 Nd7 23. Rxg6 fxg6 24. Nh4 Kh7 25. Re1 Be7 26. Nf3 Bf6 27. Qe6
Nf8 28. Qe4 Qd7 29. h4 Rd8 30. Bb4 Qf5 31. Qxb7 Ne6 32. Be7 Rg8 33. Bxf6 Qxf6
34. Qxa6 Nf4 35. Qxf6 gxf6 36. Re7+ Rg7 37. Rxg7+ Kxg7 38. g3 Nd5 39. Kf1 Kf7
40. Ke1 Ke6 41. Kd2 Nb6 42. Kd3 Kd5 43. Nh2 Nc4 44. Ng4 Nb2+ 45. Kc2 Na4 46.
Kb3 Nb6 47. Nxf6+ Kxd4 48. a4 Ke5 49. Ng4+ 1-0

[Event "VIII Floripa Chess Open 2022 - LIRA - m"]
[Site "Lira Tênis Clube - Florianó"]
[Date "2022.01.26"]
[Round "4.65"]
[White "Baeta, Marcio Netto"]
[Black "Lutz, Igor Oscar"]
[Result "1-0"]
[WhiteElo "1831"]
[BlackElo "2044"]
[PlyCount "45"]
[EventDate "2022.01.24"]
[EventRounds "10"]
[EventCountry "BRA"]

1. e4 c5 2. Nf3 e6 3. c3 d5 4. e5 d4 5. Bd3 Nc6 6. O-O Nge7 7. Na3 Ng6 8. Re1
a6 9. Nc4 b5 10. Be4 Bb7 11. Na3 Qb6 12. cxd4 cxd4 13. Nc2 Rd8 14. d3 Be7 15.
Bd2 b4 16. h4 h6 17. g3 a5 18. Rc1 Bc5 19. Na1 Bf8 20. Qa4 Nge7 21. Nb3 Rd7 22.
Nc5 Nd5 23. Nxb7 1-0

[Event "VIII Floripa Chess Open 2022 - LIRA - m"]
[Site "Lira Tênis Clube - Florianó"]
[Date "2022.01.26"]
[Round "4.66"]
[White "Nunes, Agatha Hurba"]
[Black "Acosta, Pablo Alejandro"]
[Result "0-1"]
[WhiteElo "1828"]
[BlackElo "2042"]
[PlyCount "82"]
[EventDate "2022.01.24"]
[EventRounds "10"]
[EventCountry "BRA"]

1. d4 Nf6 2. c4 e6 3. Nc3 Bb4 4. e3 Bxc3+ 5. bxc3 c5 6. Bd3 d6 7. Ne2 Nc6 8.
Qa4 Qa5 9. Qb5 h6 10. O-O Bd7 11. e4 Qc7 12. Qb2 g5 13. f4 g4 14. Be3 b6 15. e5
Nh5 16. Rad1 cxd4 17. exd6 Qxd6 18. Be4 f5 19. Bxd4 O-O 20. c5 Qe7 21. Bxc6
Bxc6 22. cxb6 Qb7 23. Qb3 Bd5 24. c4 Bxg2 25. Rf2 Bf3 26. c5 Rfe8 27. Qe3 axb6
28. Qe5 Kh7 29. cxb6 Qd5 30. Qc7+ Kg6 31. Nc3 Qa5 32. Rxf3 Rac8 33. Qd7 Rcd8
34. Qc7 gxf3 35. Kf2 Rxd4 36. Rxd4 Nf6 37. Qc6 Rb8 38. Qxf3 Qxb6 39. Qg3+ Ng4+
40. Kf1 Qxd4 41. h3 Qe3 0-1

[Event "VIII Floripa Chess Open 2022 - LIRA - m"]
[Site "Lira Tênis Clube - Florianó"]
[Date "2022.01.26"]
[Round "4.67"]
[White "De Oliveira, Marlon Joshua"]
[Black "Machado, Hualason Jose Soare"]
[Result "0-1"]
[WhiteElo "1824"]
[BlackElo "2041"]
[PlyCount "34"]
[EventDate "2022.01.24"]
[EventRounds "10"]
[EventCountry "BRA"]

1. d4 d5 2. c4 c6 3. Nc3 e6 4. Nf3 dxc4 5. e4 b5 6. d5 exd5 7. exd5 b4 8. Bxc4
bxc3 9. bxc3 Nf6 10. Bg5 Be7 11. dxc6 Nxc6 12. Bb5 Bd7 13. O-O O-O 14. Nd4 Nxd4
15. Bxd7 Qxd7 16. Qxd4 h6 17. Be3 Nd5 0-1

[Event "VIII Floripa Chess Open 2022 - LIRA - m"]
[Site "Lira Tênis Clube - Florianó"]
[Date "2022.01.26"]
[Round "4.68"]
[White "Florianovitz, Derlei Alex"]
[Black "Dull, Amanda Paul"]
[Result "1-0"]
[WhiteElo "2040"]
[BlackElo "1810"]
[PlyCount "69"]
[EventDate "2022.01.24"]
[EventRounds "10"]
[EventCountry "BRA"]

1. e4 Nf6 2. e5 Nd5 3. d4 d6 4. Nf3 Bg4 5. Bc4 c6 6. O-O e6 7. Be2 Be7 8. c4
Nb6 9. exd6 Bf6 10. c5 Nd5 11. Ne5 Bxe2 12. Qxe2 O-O 13. Bd2 b6 14. Nc3 Bxe5
15. dxe5 bxc5 16. Na4 Nd7 17. Rac1 Rb8 18. b3 Rb5 19. f4 f6 20. Nc3 Rb7 21. Na4
Rb5 22. g3 Qe8 23. Rce1 f5 24. Rc1 Qg6 25. Kg2 h5 26. h4 Rc8 27. Be3 Rb4 28.
Rc4 Rcb8 29. Bxc5 Nxc5 30. Nxc5 Qg4 31. Qxg4 hxg4 32. Rxb4 Nxb4 33. Nxe6 Kf7
34. Nd4 g6 35. Rc1 1-0

[Event "VIII Floripa Chess Open 2022 - LIRA - m"]
[Site "Lira Tênis Clube - Florianó"]
[Date "2022.01.26"]
[Round "4.69"]
[White "Jenidarchiche, Douglas Rodrigo"]
[Black "De Arruda, Leandro Formes"]
[Result "0-1"]
[WhiteElo "1811"]
[BlackElo "2038"]
[PlyCount "172"]
[EventDate "2022.01.24"]
[EventRounds "10"]
[EventCountry "BRA"]

1. d4 d5 2. c4 e6 3. Nf3 Nf6 4. Nc3 c6 5. e3 Bd6 6. Qc2 Nbd7 7. Bd3 O-O 8. O-O
Re8 9. Rd1 Qe7 10. b3 dxc4 11. Bxc4 e5 12. Ng5 Rf8 13. Nce4 h6 14. Nxd6 Qxd6
15. Ne4 Nxe4 16. Qxe4 exd4 17. Rxd4 Qe5 18. Ba3 Re8 19. Qf3 Nf6 20. Bd6 Qh5 21.
Qxh5 Nxh5 22. Rad1 Be6 23. Be2 Nf6 24. f3 Rad8 25. Bc7 Rxd4 26. Rxd4 Nd5 27.
Ba5 Nxe3 28. Rd8 Rxd8 29. Bxd8 Nc2 30. Ba5 Kf8 31. Kf2 Nd4 32. Bd1 g6 33. Bb4+
Ke8 34. Bc5 Nb5 35. a4 Nc3 36. Bc2 b6 37. Be3 h5 38. a5 Nd5 39. axb6 axb6 40.
Bd2 Kd7 41. Ke2 Kd6 42. b4 c5 43. bxc5+ Kxc5 44. Be4 Nb4 45. Be3+ Kb5 46. Kd2
Bc4 47. g4 Bd5 48. gxh5 gxh5 49. Bh7 Bxf3 50. Bg8 Bd5 51. Kc3 Nc6 52. Bh7 Ka5
53. h4 b5 54. Bc2 b4+ 55. Kb2 Ne5 56. Bg5 Nc4+ 57. Kc1 Bf3 58. Bd3 Ne5 59. Bc2
Kb5 60. Bf6 Nd7 61. Be7 Kc4 62. Kb2 Nc5 63. Bf6 b3 64. Bf5 Be4 65. Bh3 Nd3+ 66.
Ka3 b2 67. Ka2 b1=Q+ 68. Kxb1 Nf2+ 69. Kc1 Nxh3 70. Kd2 Kd5 71. Ke3 Bg2 72. Bg7
Ke6 73. Bf8 Kf5 74. Be7 Kg4 75. Bf6 Bc6 76. Ke2 Nf4+ 77. Kf2 Ng6 78. Kg1 Nxh4
79. Kh2 Nf3+ 80. Kh1 h4 81. Bd8 h3 82. Bc7 Nd4+ 83. Kh2 f5 84. Bb6 Nf3+ 85. Kh1
Bb5 86. Be3 Bf1 0-1

[Event "VIII Floripa Chess Open 2022 - LIRA - m"]
[Site "Lira Tênis Clube - Florianó"]
[Date "2022.01.26"]
[Round "4.70"]
[White "Dos Santos, Dwlyan Silva"]
[Black "Campos, Alexandre Ferreira"]
[Result "1-0"]
[WhiteElo "1808"]
[BlackElo "2032"]
[PlyCount "53"]
[EventDate "2022.01.24"]
[EventRounds "10"]
[EventCountry "BRA"]

1. e4 c5 2. Nf3 d6 3. d4 cxd4 4. Nxd4 g6 5. Nc3 Bg7 6. Be3 Nf6 7. Bc4 a6 8. f3
Qc7 9. Bb3 Nc6 10. Qd2 O-O 11. O-O-O Na5 12. Bh6 Be6 13. h4 Nxb3+ 14. cxb3 d5
15. Kb1 dxe4 16. Nxe6 fxe6 17. Bxg7 Kxg7 18. Nxe4 Rad8 19. Qe2 Qe5 20. Rde1 Rd5
21. Ng5 Qf5+ 22. Ka1 e5 23. f4 Rfd8 24. fxe5 Ng4 25. Rhf1 Rxe5 26. Qxe5+ Nxe5
27. Rxf5 1-0

[Event "VIII Floripa Chess Open 2022 - LIRA - m"]
[Site "Lira Tênis Clube - Florianó"]
[Date "2022.01.26"]
[Round "4.71"]
[White "Piekarski, Atila Balzer"]
[Black "Vieira, Jose Renato Braga S"]
[Result "1-0"]
[WhiteElo "2032"]
[BlackElo "1805"]
[PlyCount "55"]
[EventDate "2022.01.24"]
[EventRounds "10"]
[EventCountry "BRA"]

1. d4 Nf6 2. Bg5 e6 3. e4 Be7 4. e5 Nd5 5. Bd2 c5 6. c4 Nb6 7. dxc5 Bxc5 8. Qg4
g6 9. Nc3 Nc6 10. Nf3 Qc7 11. Qf4 h6 12. Ne4 Be7 13. Nd6+ Bxd6 14. exd6 Qd8 15.
Bc3 g5 16. Qe4 f5 17. Qe3 Rg8 18. b3 Kf7 19. h3 a5 20. Ne5+ Nxe5 21. Bxe5 a4
22. Rd1 axb3 23. axb3 Ra3 24. Be2 Na4 25. Bh5+ Kf8 26. O-O Qb6 27. Bd4 Qxb3 28.
Qe5 1-0

[Event "VIII Floripa Chess Open 2022 - LIRA - m"]
[Site "Lira Tênis Clube - Florianó"]
[Date "2022.01.26"]
[Round "4.72"]
[White "Oliveira, Tiago Batista"]
[Black "Da Silva, Joao Carlos Orguim"]
[Result "1-0"]
[WhiteElo "2025"]
[BlackElo "1794"]
[PlyCount "61"]
[EventDate "2022.01.24"]
[EventRounds "10"]
[EventCountry "BRA"]

1. d4 d5 2. c4 dxc4 3. Nf3 a6 4. g3 c6 5. Bg2 b5 6. O-O Bb7 7. e4 e6 8. Nc3 Nf6
9. Qc2 Nbd7 10. Rd1 Be7 11. e5 Nd5 12. Ne4 Nb4 13. Qe2 Nd3 14. Bg5 f6 15. exf6
gxf6 16. Bh6 Bf8 17. Nfg5 Rg8 18. Nxe6 Qe7 19. Nc7+ Kd8 20. Bxf8 Nxf8 21. Nxa8
f5 22. Nc3 Qxe2 23. Nxe2 Nxb2 24. Rd2 Na4 25. d5 Bxa8 26. dxc6+ Kc7 27. Nd4 f4
28. Re1 Ng6 29. Ne6+ Kc8 30. c7 Ne7 31. Rd8+ 1-0

[Event "VIII Floripa Chess Open 2022 - LIRA - m"]
[Site "Lira Tênis Clube - Florianó"]
[Date "2022.01.26"]
[Round "4.73"]
[White "Gobbo Junior, Jose Arildo"]
[Black "Boff, Lucas Strauss"]
[Result "0-1"]
[WhiteElo "1799"]
[BlackElo "2023"]
[PlyCount "104"]
[EventDate "2022.01.24"]
[EventRounds "10"]
[EventCountry "BRA"]

1. c4 Nf6 2. Nc3 d5 3. cxd5 Nxd5 4. d4 g6 5. e4 Nxc3 6. bxc3 Bg7 7. Bc4 c5 8.
Be3 Nc6 9. Ne2 O-O 10. O-O Bg4 11. f3 Na5 12. Bd3 cxd4 13. cxd4 Be6 14. d5 Bxa1
15. Qxa1 f6 16. Rd1 Bf7 17. Nd4 a6 18. Qb2 Rc8 19. Qb4 b5 20. a4 Nc4 21. Bf2
Qd6 22. Qxd6 exd6 23. axb5 Nb2 24. Ra1 Nxd3 25. bxa6 Nxf2 26. Kxf2 Be8 27. Rb1
f5 28. Rb6 fxe4 29. Rxd6 exf3 30. gxf3 Rf7 31. Rb6 Ra8 32. Ne6 Rf6 33. Ke3 Bd7
34. Ke4 Bxe6 35. dxe6 Rf5 36. Kd4 Kf8 37. Kc4 Ke7 38. Kb4 Re5 39. f4 Rxe6 40.
Rb7+ Kf6 41. Rxh7 Rexa6 42. Kb5 Rd6 43. h4 Rc8 44. Ra7 Rd1 45. Ra6+ Kf5 46. Kb6
Rb1+ 47. Ka7 Rcb8 48. Ra5+ Ke6 49. Ra6+ Kf7 50. Rc6 R8b2 51. Rc7+ Ke6 52. f5+
gxf5 0-1

[Event "VIII Floripa Chess Open 2022 - LIRA - m"]
[Site "Lira Tênis Clube - Florianó"]
[Date "2022.01.26"]
[Round "4.74"]
[White "Cordero, Daniela"]
[Black "Martins De Aguiar, Marina"]
[Result "1-0"]
[WhiteElo "2011"]
[BlackElo "1793"]
[PlyCount "49"]
[EventDate "2022.01.24"]
[EventRounds "10"]
[EventCountry "BRA"]

1. d4 Nf6 2. Nf3 g6 3. Bg5 Bg7 4. c3 O-O 5. Nbd2 d5 6. e3 b6 7. Be2 Bb7 8. Ne5
Nbd7 9. f4 c5 10. O-O Rc8 11. Qe1 a6 12. Qh4 Re8 13. f5 Qc7 14. Bf4 Qd8 15.
Ndf3 Ne4 16. Nxf7 Kxf7 17. Qxh7 gxf5 18. Qxf5+ Ndf6 19. Ne5+ Kg8 20. Qe6+ Kh7
21. Rf3 Rf8 22. Rh3+ Bh6 23. Qf5+ Kg8 24. Qg6+ Bg7 25. Bh6 1-0

[Event "VIII Floripa Chess Open 2022 - LIRA - m"]
[Site "Lira Tênis Clube - Florianó"]
[Date "2022.01.26"]
[Round "4.75"]
[White "Peroza, Eduardo Antunes"]
[Black "Machado, Gilmar Dias"]
[Result "1-0"]
[WhiteElo "2009"]
[BlackElo "1786"]
[PlyCount "89"]
[EventDate "2022.01.24"]
[EventRounds "10"]
[EventCountry "BRA"]

1. c4 c5 2. Nc3 e6 3. e4 Nc6 4. g3 Nf6 5. Bg2 Be7 6. Nge2 O-O 7. O-O a6 8. d4
cxd4 9. Nxd4 Bc5 10. Nb3 Ba7 11. c5 Bb8 12. f4 e5 13. Nd5 d6 14. fxe5 Nxe5 15.
Bg5 Ned7 16. Bh3 Ba7 17. Bxd7 Bxd7 18. Rxf6 dxc5 19. Rg6 hxg6 20. Bxd8 Raxd8
21. Kh1 Rfe8 22. Nd2 b5 23. Qf3 Re5 24. Qf4 Bb8 25. Rf1 f5 26. Qg5 Rde8 27. Nf3
Rxe4 28. Nf6+ gxf6 29. Qxg6+ Kf8 30. Qxf6+ Kg8 31. Ng5 R4e7 32. Rd1 Be5 33.
Qg6+ Rg7 34. Qb6 Bd4 35. Nf3 Re6 36. Qd8+ Re8 37. Qb6 Re6 38. Qb8+ Re8 39. Qd6
Re6 40. Qd5 Bxb2 41. Re1 Rge7 42. Rxe6 Bxe6 43. Qd8+ Kf7 44. Ng5+ Kf6 45. Nh7+
1-0

[Event "VIII Floripa Chess Open 2022 - LIRA - m"]
[Site "Lira Tênis Clube - Florianó"]
[Date "2022.01.26"]
[Round "4.76"]
[White "Kikuchi Cadilhac, Mariana Sawae"]
[Black "Tomiello, Mateus Costamilan"]
[Result "0-1"]
[WhiteElo "1791"]
[BlackElo "2004"]
[PlyCount "56"]
[EventDate "2022.01.24"]
[EventRounds "10"]
[EventCountry "BRA"]

1. e4 e5 2. Nf3 Nc6 3. Bc4 Bc5 4. O-O Nf6 5. d3 d6 6. c3 a6 7. Nbd2 O-O 8. Bb3
h6 9. h3 Ba7 10. Re1 Be6 11. Bc2 Nh7 12. Nf1 f5 13. exf5 Bxf5 14. Be3 Bxe3 15.
Nxe3 Bg6 16. Qd2 Rxf3 17. gxf3 Ng5 18. Kg2 Qd7 19. Rh1 Rf8 20. Bd1 Bh5 21. Ng4
Ne7 22. d4 Ng6 23. Kg3 exd4 24. Qxd4 d5 25. f4 Ne4+ 26. Kh2 Nxf4 27. Nxh6+ gxh6
28. Rg1+ Kh7 0-1

[Event "VIII Floripa Chess Open 2022 - LIRA - m"]
[Site "Lira Tênis Clube - Florianó"]
[Date "2022.01.26"]
[Round "4.77"]
[White "De Saboya E Silva, Jose Frederic"]
[Black "Pavao, Fabio Biasi"]
[Result "1-0"]
[WhiteElo "1999"]
[BlackElo "1783"]
[PlyCount "77"]
[EventDate "2022.01.24"]
[EventRounds "10"]
[EventCountry "BRA"]

1. c4 Nf6 2. Nc3 g6 3. g3 Bg7 4. Bg2 O-O 5. d3 d6 6. e4 e5 7. Nge2 Nfd7 8. h4
h5 9. Bg5 f6 10. Be3 Nc5 11. d4 Ne6 12. d5 Nc5 13. b4 Nca6 14. a3 f5 15. Rc1
Nd7 16. Qd2 Kh7 17. c5 Nf6 18. Bg5 Qe8 19. c6 bxc6 20. dxc6 Qf7 21. O-O Be6 22.
exf5 gxf5 23. Bxf6 Bxf6 24. Qd3 e4 25. Nxe4 fxe4 26. Bxe4+ Kh6 27. Qxa6 Rg8 28.
Nf4 Bxh4 29. Nxe6 Qxe6 30. Qd3 Bg5 31. Bf5 Qf7 32. Rce1 Rae8 33. Kg2 Rxe1 34.
Rxe1 Re8 35. Bg6 Qxg6 36. Qxg6+ Kxg6 37. Rxe8 Bc1 38. a4 Ba3 39. Rc8 1-0

[Event "VIII Floripa Chess Open 2022 - LIRA - m"]
[Site "Lira Tênis Clube - Florianó"]
[Date "2022.01.26"]
[Round "4.78"]
[White "Meza, Anahi"]
[Black "Borger, David Lupovici"]
[Result "0-1"]
[WhiteElo "1996"]
[BlackElo "1778"]
[PlyCount "78"]
[EventDate "2022.01.24"]
[EventRounds "10"]
[EventCountry "BRA"]

1. d4 d5 2. c4 e6 3. Nc3 Be7 4. cxd5 exd5 5. Bf4 c6 6. Qc2 Bd6 7. Bxd6 Qxd6 8.
e3 Ne7 9. Bd3 b6 10. Nf3 Ba6 11. O-O Bxd3 12. Qxd3 Nd7 13. a3 O-O 14. b4 Rfe8
15. Rfd1 b5 16. e4 a5 17. exd5 Nxd5 18. Nxd5 Qxd5 19. Rac1 Re6 20. Re1 h6 21.
bxa5 Rxa5 22. Rxe6 Qxe6 23. Re1 Qd6 24. Re8+ Nf8 25. Re3 Ne6 26. h3 g6 27. g3
Ra4 28. Qc3 Nxd4 29. Nxd4 Rxd4 30. Re8+ Kh7 31. Kh2 Qf6 32. Kg2 Rd6 33. Qb4 Re6
34. Rc8 Rd6 35. Re8 Qd4 36. Qa5 Qd5+ 37. Kh2 Re6 38. Rb8 Re2 39. Kg1 Ra2 0-1

[Event "VIII Floripa Chess Open 2022 - LIRA - m"]
[Site "Lira Tênis Clube - Florianó"]
[Date "2022.01.26"]
[Round "4.79"]
[White "Araujo, Renan Aparecido"]
[Black "Silvestre, Gilmar Severino"]
[Result "1-0"]
[WhiteElo "1986"]
[BlackElo "1775"]
[PlyCount "39"]
[EventDate "2022.01.24"]
[EventRounds "10"]
[EventCountry "BRA"]

1. e4 c6 2. d4 d5 3. e5 Bf5 4. h4 h6 5. g4 Bh7 6. e6 fxe6 7. Bd3 g6 8. Nf3 Nd7
9. Qe2 Kf7 10. h5 e5 11. Nxe5+ Nxe5 12. Qxe5 Qd6 13. Qxh8 Bg7 14. Qxh7 Qe6+ 15.
Be3 Qxg4 16. Qxg6+ Qxg6 17. Bxg6+ Kf8 18. Nd2 Nf6 19. O-O-O a6 20. Bf4 1-0

[Event "VIII Floripa Chess Open 2022 - LIRA - m"]
[Site "Lira Tênis Clube - Florianó"]
[Date "2022.01.26"]
[Round "4.80"]
[White "Ribeiro Carrico, Victor Hugo"]
[Black "Reichert, Thiago Da Cruz"]
[Result "0-1"]
[WhiteElo "1787"]
[BlackElo "1986"]
[PlyCount "46"]
[EventDate "2022.01.24"]
[EventRounds "10"]
[EventCountry "BRA"]

1. e4 e6 2. d4 d5 3. Nd2 c5 4. Ngf3 Nc6 5. c3 cxd4 6. cxd4 Qb6 7. Bd3 Nf6 8. e5
Nd7 9. O-O Nxd4 10. Nxd4 Qxd4 11. Nf3 Qb6 12. a3 Be7 13. Be3 Bc5 14. Bd2 f5 15.
Qa4 O-O 16. Ba5 Qxb2 17. Qh4 Nxe5 18. Nxe5 Qxe5 19. g4 Qd4 20. Be2 fxg4 21.
Rad1 Qf4 22. Bd2 Qe4 23. Rde1 Qg6 0-1

[Event "VIII Floripa Chess Open 2022 - LIRA - m"]
[Site "Lira Tênis Clube - Florianó"]
[Date "2022.01.26"]
[Round "4.151"]
[White "Costa, Ricardo Santos"]
[Black "Da Silva, Joao Fernandes"]
[Result "1-0"]
[WhiteElo "1762"]
[BlackElo "1414"]
[PlyCount "103"]
[EventDate "2022.01.24"]
[EventRounds "10"]
[EventCountry "BRA"]

1. Nf3 Nf6 2. c4 c5 3. g3 g6 4. Bg2 Bg7 5. O-O O-O 6. Nc3 Nc6 7. b3 d5 8. cxd5
Nxd5 9. Bb2 Nxc3 10. Bxc3 Bxc3 11. dxc3 Qxd1 12. Rfxd1 Rb8 13. Rd5 b6 14. Rad1
Be6 15. R5d2 Rbd8 16. Ng5 Rxd2 17. Rxd2 Rd8 18. Rxd8+ Nxd8 19. Ne4 Bd5 20. Nd2
Bxg2 21. Kxg2 Nc6 22. f4 e5 23. Kf3 f6 24. Ke4 exf4 25. gxf4 Ne7 26. Nc4 g5 27.
Ne3 Kf7 28. fxg5 fxg5 29. Nf5 Ng8 30. Ke5 Nf6 31. Nd6+ Kg6 32. h3 h5 33. Nc8 g4
34. hxg4 h4 35. Kf4 Nd5+ 36. Kf3 Nxc3 37. a4 Kg5 38. Nxa7 Nd5 39. Nc6 Nf6 40.
Ne5 Nd5 41. e4 Nf6 42. Nc4 Nxe4 43. Nxb6 Nd2+ 44. Kg2 Nxb3 45. Kh3 Na5 46. Nd5
Nc6 47. Nc3 Ne5 48. Ne4+ Kf4 49. Nxc5 Nxg4 50. a5 Ne5 51. Nd3+ Ke4 52. Nxe5 1-0

[Event "VIII Floripa Chess Open 2022 - LIRA - m"]
[Site "Lira Tênis Clube - Florianó"]
[Date "2022.01.26"]
[Round "4.152"]
[White "Costa Neto, Luis Antonio"]
[Black "Boabaid, Jorge Alberto Duard"]
[Result "0-1"]
[WhiteElo "1422"]
[BlackElo "1756"]
[PlyCount "105"]
[EventDate "2022.01.24"]
[EventRounds "10"]
[EventCountry "BRA"]

1. e4 c5 2. Nf3 d6 3. c3 Nf6 4. Bb5+ Nc6 5. Qe2 e5 6. d4 Bd7 7. Bxc6 Bxc6 8. d5
Bd7 9. O-O Be7 10. a4 a5 11. Nbd2 O-O 12. h3 Ne8 13. Ne1 f5 14. f4 exf4 15.
Rxf4 Bg5 16. Rf1 Nf6 17. exf5 Nxd5 18. Qc4 Bc6 19. Ne4 Bxc1 20. Rxc1 Kh8 21.
Nc2 Nb6 22. Qe6 Re8 23. Nxd6 Rxe6 24. Nf7+ Kg8 25. Nxd8 Rd6 26. Nxc6 Rxc6 27.
Rf4 Nd5 28. Re4 Rf8 29. Rf1 Rb6 30. Re5 Rd8 31. Rd1 Rbd6 32. Re6 R6d7 33. g3
Kf7 34. Rde1 Nf6 35. Ne3 Nh5 36. Nc4 Kf8 37. R1e3 Rd5 38. Re8+ Kf7 39. h4 Rxf5
40. Kg2 Rd1 41. R3e7+ Kg6 42. Rxb7 Rff1 43. Kh3 Rh1+ 44. Kg4 Nf6+ 45. Kf4 Rhf1+
46. Ke5 Rde1+ 47. Kd6 Nxe8+ 48. Kxc5 Rf5+ 49. Kb6 Re6+ 50. Ka7 Rc6 51. b3 Nd6
52. Rb6 Kf7 53. Rxc6 {illegivel} 0-1

[Event "VIII Floripa Chess Open 2022 - LIRA - m"]
[Site "Lira Tênis Clube - Florianó"]
[Date "2022.01.26"]
[Round "4.153"]
[White "Marocco, Gabriel Leao Quadro"]
[Black "Hubner, Jessica Trindade"]
[Result "1/2-1/2"]
[WhiteElo "1410"]
[BlackElo "1752"]
[PlyCount "62"]
[EventDate "2022.01.24"]
[EventRounds "10"]
[EventCountry "BRA"]

1. e4 c5 2. Nf3 Nc6 3. d4 cxd4 4. Nxd4 g6 5. Bc4 Nf6 6. Nc3 Bg7 7. Be3 O-O 8.
Bb3 d6 9. f3 a6 10. Qd2 Qc7 11. O-O-O b5 12. h4 Nxd4 13. Bxd4 b4 14. Bxf6 bxc3
15. Qxc3 Bh6+ 16. Bg5 Qxc3 17. bxc3 Bxg5+ 18. hxg5 Kg7 19. Rh6 Bb7 20. e5 Rad8
21. e6 d5 22. Rdh1 Rh8 23. exf7 Rdf8 24. c4 e6 25. cxd5 exd5 26. c4 Rxf7 27.
cxd5 Rd7 28. Bc2 Rd6 29. Be4 Bxd5 30. Bxd5 Rxd5 31. f4 a5 1/2-1/2

[Event "VIII Floripa Chess Open 2022 - LIRA - m"]
[Site "Lira Tênis Clube - Florianó"]
[Date "2022.01.26"]
[Round "4.154"]
[White "Pasqualotto, Amos Petronio"]
[Black "Dos Santos, Guilherme Fortes"]
[Result "0-1"]
[WhiteElo "1401"]
[BlackElo "1748"]
[PlyCount "28"]
[EventDate "2022.01.24"]
[EventRounds "10"]
[EventCountry "BRA"]

1. d4 d5 2. c4 c6 3. Nf3 Nf6 4. g3 e6 5. Bg2 Be7 6. O-O Nbd7 7. Qc2 O-O 8. Bf4
Ne4 9. Nbd2 Ndf6 10. Nxe4 dxe4 11. Nd2 Qxd4 12. Nxe4 Nxe4 13. Bxe4 f5 14. Rad1
Qxe4 0-1